| 000 | 00455nam a22001577a 4500 | ||
|---|---|---|---|
| 082 |
_a350 _bWHI _cL-27, P-5 |
||
| 100 |
_aWhite, Leonard D. _937819 |
||
| 245 |
_aIntroduction to the public admistration _cWhite, Leonard D. |
||
| 250 | _a4th ed. | ||
| 260 |
_aNew York _bThe macmillan company _c1955 |
||
| 300 | _axx, 531 p. : | ||
| 526 |
_a0 _b0 _c0 _d350_000000000000000_WHI |
||
| 650 |
_aMCE _9379 |
||
| 700 |
_aWhite, Leonard D. _937819 |
||
| 942 |
_2ddc _cBK |
||
| 999 |
_c542590 _d542590 |
||